Electrodinámica y propagación de ondas de radio / (Record no. 113218)
[ view plain ]
| 000 -LEADER | |
|---|---|
| campo de control de longitud fija | 00543nam a2200169 4500 |
| 001 - NÚMERO DE CONTROL | |
| campo de control | 113218 |
| 003 - IDENTIFICADOR DE NÚMERO DE CONTROL | |
| campo de control | ES-MaACL |
| 005 - FECHA Y HORA DE LA ÚLTIMA TRANSACCIÓN | |
| campo de control | 20230906185812.0 |
| 007 - CAMPO FIJO DE DESCRIPCIÓN FÍSICA--INFORMACIÓN GENERAL | |
| campo de control de longitud fija | t| |
| 008 - DATOS DE LONGITUD FIJA--INFORMACIÓN GENERAL | |
| campo de control de longitud fija | 061121s1976 xxr r ||||1| spa d |
| 100 1# - ENTRADA PRINCIPAL--NOMBRE DE PERSONA | |
| Nombre de persona | Nikolski, V. V. |
| 9 (RLIN) | 85742 |
| 245 10 - MENCIÓN DEL TÍTULO | |
| Título | Electrodinámica y propagación de ondas de radio / |
| Mención de responsabilidad, etc. | V. V. Nikolski ; traducción del ruso por Antonio Ballesteros Elías. |
| 260 ## - PUBLICACIÓN, DISTRIBUCIÓN, ETC. | |
| Lugar de publicación, distribución, etc. | Moscú : |
| Nombre del editor, distribuidor, etc. | Mir, |
| Fecha de publicación, distribución, etc. | 1976. |
| 300 ## - DESCRIPCIÓN FÍSICA | |
| Extensión | 670 p. ; |
| Dimensiones | 22 cm. |
| 700 1# - ENTRADA AGREGADA--NOMBRE PERSONAL | |
| Nombre de persona | Ballesteros Elías, Antonio. |
| 9 (RLIN) | 25054 |
| 852 ## - LOCALIZACIÓN | |
| Ubicación | ES-MaACL |
| Número de control de estantería | L-9266 |
| Sublocalización o colección | R.111137 |
| Estatus retirado | Estado de pérdida | Estado de daño | No para préstamo | Biblioteca de origen | Biblioteca actual | Ubicación en estantería | Fecha de adquisición | Fuente de adquisición | Total de préstamos | Signatura topográfica completa | Código de barras | Visto por última vez | Precio de reemplazo | Tipo de ítem Koha |
|---|---|---|---|---|---|---|---|---|---|---|---|---|---|---|
| Biblioteca del Ateneo de Madrid | Biblioteca del Ateneo de Madrid | Depósito 2 | 17/01/2008 | L-9266 | 1118090 | 23/02/2023 | 23/02/2023 | Libro impreso |
